Value and values in evolution (Record no. 196471)

MARC details
000 -LEADER
fixed length control field 00604nam a2200229Ia 4500
003 - CONTROL NUMBER IDENTIFIER
control field OSt
005 - DATE AND TIME OF LATEST TRANSACTION
control field 20220918192811.0
008 - FIXED-LENGTH DATA ELEMENTS--GENERAL INFORMATION
fixed length control field 220917b |||||||| |||| 00| 0 eng d
037 ## - SOURCE OF ACQUISITION
Terms of availability Textual
040 ## - CATALOGING SOURCE
Original cataloging agency ARTS
Transcribing agency ARTS
Language of cataloging eng
041 ## - LANGUAGE CODE
Source of code eng
Language code of text/sound track or separate title eng
100 ## - MAIN ENTRY--PERSONAL NAME
Personal name Maziarz Edward A ed
9 (RLIN) 80223
245 #0 - TITLE STATEMENT
Title Value and values in evolution
260 ## - PUBLICATION, DISTRIBUTION, ETC.
Place of publication, distribution, etc. New York
Name of publisher, distributor, etc. Gordon and Breach
Date of publication, distribution, etc. 1979
300 ## - PHYSICAL DESCRIPTION
Extent x,196p. illus
Dimensions cm.
942 ## - ADDED ENTRY ELEMENTS (KOHA)
Classification part R37, L9
Koha item type Textual
Source of classification or shelving scheme Colon Classification (CC)
Holdings
Withdrawn status Lost status Damaged status Not for loan Home library Current library Date acquired Total Checkouts Full call number Barcode Date last seen Price effective from Koha item type
        Arts Library Arts Library 2022-09-18   R37 L9 AL0703012 2022-09-18 2022-09-18 Textual
Copyright @ Delhi University Library System